Piłkarze FC Barcelony - nagła śmierć - Statystyki

Ogólne statystyki
  • Ten quiz został rozwiązany 2 941 razy
  • Średni wynik to 16 z 25
Answers on the Grid
Answers color-coded by a green-red scale on the quiz's grid according to % correct below.
Lionel Messi
Robert Lewandowski
Luka Modrić
Lamine Yamal
Sergio Ramos
Wojciech Szczęsny
Raphinha
Xabi Alonso
Thibaut Courtois
Ronaldinho
Franck Ribéry
Xavi
David Beckham
Sergio Busquets
Fernando Torres
Mohamed Salah
Andrés Iniesta
Alfredo Di Stéfano
Radamel Falcao
Gerard Piqué
Toni Kroos
Lukas Podolski
Andrea Pirlo
Diego Simeone
Carles Puyol
Jordi Alba
Erling Haaland
Luis Suárez
Diego Forlán
Rivaldo
Kamil Glik
Samuel Eto’o
Fabio Cannavaro
Éric Abidal
Santi Cazorla
Gianluca Zambrotta
Ivan Rakitić
Luís Figo
Giorgio Chiellini
Harry Kane
Ronald Koeman
Leroy Sané
Javier Mascherano
Michael Ballack
Pep Guardiola
Krzysztof Piątek
Arda Turan
Júlio César
Simão Sabrosa
Hristo Stoichkov
Andrew Robertson
Kaká
 
Statystyki odpowiedzi
Odpowiedź % Poprawnych
Lionel Messi
97%
Robert Lewandowski
96%
Lamine Yamal
95%
Raphinha
90%
Wojciech Szczęsny
90%
Ronaldinho
83%
Xavi
82%
Sergio Busquets
74%
Andrés Iniesta
66%
Gerard Piqué
62%
Carles Puyol
60%
Luis Suárez
60%
Jordi Alba
58%
Samuel Eto’o
57%
Ivan Rakitić
55%
Pep Guardiola
54%
Rivaldo
54%
Luís Figo
53%
Javier Mascherano
51%
Ronald Koeman
51%
Éric Abidal
46%
Arda Turan
44%
Hristo Stoichkov
44%
Gianluca Zambrotta
30%
Simão Sabrosa
23%
Nie znaleziono quizów pasujących do podanych kryteriów
Rozkład punktacji
Procent ludzi z każdym wynikiem
Percentyl według liczby udzielonych odpowiedzi
Twoja historia wyników
Nie rozwiązałeś tego quizu